01572nab a22002057a 4500003000400000005001700004008004100021040000700062100002900069245015200098260007200250300001300322500005000335505069200385505009001077650002001167650002401187650002201211773013301233OSt20260115190635.0190605e xxu||||| |||| 00| 0 spa d cPJ aMosquera, Gerardo Raúl10aExtensión del período de prueba por convención colectiva. Una oportunidad para fortalecer los derechos laborales /cGerardo Raúl Mosquera.  aCiudad Autónoma de Buenos Aires :bThomson Reuters La Ley,c2025. ap. 20-29 aCita Online: Cita: TR LALEY AR/DOC/348/2025. aSumario: I. Introducción.— II. Período de Prueba según ley 27.742.— III. Intervención sindical y rol de la Convención Colectiva de Trabajo.— IV. Limitaciones de la Convención Colectiva de Trabajo.— V. Extensión del período de prueba y principio de no regresividad.— VI. Beneficios y protección del trabajador que pueden surgir de la extensión del período de prueba. Función del protocolo, Código de Ética y del Oficial de Cumplimiento.— VII. La figura del Oficial de Cumplimiento.— VIII. Protocolo para el período de prueba.— IX. El beneficio empresario.— X. La protección reforzada durante el período de prueba.— XI. Conclusiones.  t¿Te interesa el texto completo? Solicitalo al correo: koha@justierradelfuego.gov.ar  0aDERECHO LABORAL 0aCONTRATO DE TRABAJO 0aPERIODO DE PRUEBA0 02711dCiudad Autónoma de Buenos Aires : Thomson Reuters La Ley, 1999-2002.tRevista de derecho del trabajo. Nº 2 - Marzo 2025